Biggest Countries by Area A-Z - Statistics

General Stats
  • This quiz has been taken 193,545 times
    193,486 since last reset
  • The average score is 18 of 24
Answer Stats
Area Country % Correct
R 17,098,242 Russia
97%
C 9,984,670 Canada
95%
B 8,515,767 Brazil
94%
U 9,526,468 United States
93%
A 7,692,024 Australia
91%
I 3,166,414 India
88%
Y 527,968 Yemen
85%
Q 11,586 Qatar
84%
O 309,500 Oman
83%
Z 752,612 Zambia
83%
F 640,679 France
82%
K 2,724,900 Kazakhstan
80%
G 357,114 Germany
75%
J 377,930 Japan
75%
V 916,445 Venezuela
73%
M 1,964,375 Mexico
70%
E 1,104,300 Ethiopia
68%
N 1,267,000 Niger
64%
D 2,344,858 D. R. Congo
62%
H 112,492 Honduras
59%
P 1,285,216 Peru
59%
L 1,759,540 Libya
54%
S 2,149,690 Saudi Arabia
50%
T 945,087 Tanzania
43%
No matching quizzes found
Score Distribution
Percent of People with Each Score
Percentile by Number Answered
Your Score History
You have not taken this quiz since the last reset